000 00202nam a2200097Ia 4500
008 190216s9999||||xx |||||||||||||| ||und||
100 _aPalekar
245 0 _aCost Accounting
260 _bNull
942 _cBK
999 _c5209
_d5209